00358nam a22001217a 4500020001800000040000900018082001800027100003000045245007500075260004300150300000900193650003400202 a9789693521160 cNUST a891.4393bAZE aAzeem Beg Chughtai, Mirza aMajmuah Mirza Azeem Baig ChughataibMazameen, Dastaan, Dramay, Afsanay aLAHOREbSang-E-Meel Publicationsc2008 b672P 2Urdu Literature-Short Stories